Movies A-Z #3 - Statistics

General Stats
  • This quiz has been taken 64 times
  • The average score is 15 of 26
Answer Stats
Letter Year Movie Director Actor Actor % Correct
A 2015 Ant-Man Peyton Reed Paul Rudd Evangeline Lilly
85%
D 2021 Dune Denis Villeneuve Timothee Chalamet Zendaya
85%
T 1997 Titanic James Cameron Leonardo DiCaprio Kate Winslet
83%
I 2010 Inception Christopher Nolan Leonardo DiCaprio Marion Cotillard
81%
L 2016 La La Land Damien Chazelle Emma Stone Ryan Gosling
81%
E 2003 Elf Jon Favreau Will Ferrell Zooey Deschanel
77%
G 1997 Good Will Hunting Gus Van Sant Matt Damon Robin Williams
77%
O 2023 Oppenheimer Christopher Nolan Cillian Murphy Florence Pugh
75%
Z 2001 Zoolander Ben Stiller Owen Wilson Will Ferrell
75%
C 2015 Creed Ryan Coogler Michael B. Jordan Sylvester Stallone
71%
W 2017 Wonder Woman Patty Jenkins Gal Gadot Robin Wright
71%
X 2000 X-Men Bryan Singer Hugh Jackman Patrick Stewart
65%
B 2017 Beauty and the Beast Bill Condon Emma Watson Luke Evans
62%
K 2019 Knives Out Rian Johnson Daniel Craig Ana de Armas
60%
S 2009 Sherlock Holmes Guy Ritchie Robert Downey Jr. Jude Law
60%
Q 2008 Quantum of Solace Marc Forster Daniel Craig Ulga Kurylenko
54%
V 2018 Venom Ruben Fleischer Tom Hardy Michelle Williams
48%
N 2023 Napoleon Ridley Scott Joaquin Phoenix Vanessa Kirby
42%
H 2011 Hugo Martin Scorsese Asa Butterfield Chloe Grace Moretz
37%
U 2009 Up in the Air Jason Reitman George Clooney Anna Kendrick
33%
M 2012 Moonrise Kingdom Wes Anderson Bruce Willis Frances McDormand
29%
F 2004 Finding Neverland Marc Forster Johnny Depp Kate Winslet
27%
J 2017 Jumanji: Welcome to the Jungle Jake Kasdan Jack Black Karen Gillan
25%
Y 2009 Year One Harold Ramis Jack Black Michael Cera
23%
P 2001 Planet of the Apes Tim Burton Mark Wahlberg Helena Bonham Carter
21%
R 2011 Real Steel Shawn Levy Hugh Jackman Anthony Mackie
12%
No matching quizzes found
Score Distribution
Percent of People with Each Score
Percentile by Number Answered
Your Score History
You have not taken this quiz